Pearls of Peace through watercolor : (Record no. 36791)
[ view plain ]
| 000 -LEADER | |
|---|---|
| fixed length control field | 00607nam a22001577a 4500 |
| 005 - DATE AND TIME OF LATEST TRANSACTION | |
| control field | 20241125112652.0 |
| 008 - FIXED-LENGTH DATA ELEMENTS--GENERAL INFORMATION | |
| fixed length control field | 241125b |||||||| |||| 00| 0 eng d |
| 082 ## - DEWEY DECIMAL CLASSIFICATION NUMBER | |
| Classification number | 759.95491 |
| Item number | ALI-P |
| 100 ## - MAIN ENTRY--AUTHOR | |
| Author Name | Ali Abbas Syed |
| 245 ## - TITLE STATEMENT | |
| Title | Pearls of Peace through watercolor : |
| Remainder of title | 1st International watercolor biennale Pakistan 2016 ; |
| Statement of responsibility, etc. | Organnized by IWS--Pakistan, centre of excellence in art and design MUET, Jamshoro; |
| 260 ## - PUBLICATION, DISTRIBUTION, ETC. | |
| Place of Publication | Pakistan : |
| Name of publisher, distributor, etc. | Centre of Excellence in Art & Design, MUET ; |
| Date of publication, distribution, etc. | 2016 . |
| 300 ## - PHYSICAL DESCRIPTION | |
| Pages | 204 p. : |
| 500 ## - GENERAL NOTE | |
| General note | Include Index. |
| 650 ## - SUBJECT ADDED ENTRY--TOPICAL TERM | |
| Subject / Department | Art & Design / Painting |
| 300 ## - PHYSICAL DESCRIPTION | |
| -- | ill ; |
| -- | 28cm. |
| 952 ## - LOCATION AND ITEM INFORMATION (KOHA) | |
| -- | 0 |
| -- | 0 |
| Lost status | Damaged status | Collection code | Permanent Location | Current Location | Shelving Location | Date acquired | Full Call Number | Accession No./Barcode | Date last seen | Copy number | item type | Koha item type |
|---|---|---|---|---|---|---|---|---|---|---|---|---|
| Architecture | Superior Information Resource Center (SIRC) Superior University- Main Campus | Superior Information Resource Center (SIRC) Superior University- Main Campus | Architecture | 11/25/2024 | 759.95491 ALI-P 2016 | 29781 | 11/25/2024 | 1 | BOOK | BOOK |
